[Event "Steinfurt Bezirksliga 1617"]
[Site "Germany"]
[Date "2017.01.21"]
[Round "5.4"]
[White "Wolf, Sergej"]
[Black "Galluschke, Thorsten"]
[Result "1/2-1/2"]
[WhiteElo "1706"]
[BlackElo "1655"]
[PlyCount "59"]
[EventDate "2016.09.24"]
[EventType "team"]
[EventRounds "9"]
[EventCountry "GER"]
[SourceTitle "EXT 2018"]
[Source "ChessBase"]
[SourceDate "2017.10.13"]
[SourceVersion "1"]
[SourceVersionDate "2017.10.13"]
[SourceQuality "1"]
[WhiteTeam "Ibbenbueren"]
[BlackTeam "Westerkappeln"]
[WhiteTeamCountry "GER"]
[BlackTeamCountry "GER"]

1. d4 Nf6 2. Nf3 g6 3. c4 Bg7 4. Nc3 d6 5. e4 0-0 6. Be2 Nbd7 7. 0-0 e5 8. Qc2 c6 9. h3 exd4 10. Nxd4 Re8 11. Nf3 a5 12. Bf4 Qe7 13. Rfe1 h6 14. Rad1 Ne5 15. Nxe5 dxe5 16. Be3 Nd7 17. Qd2 Kh7 18. Bg4 Nf8 19. Bxc8 Raxc8 20. Bb6 Ne6 21. Ne2 f6 22. Bxa5 Ra8 23. Bb4 c5 24. Ba3 Nd4 25. Nc3 b6 26. Nd5 Qd8 27. Qd3 Rb8 28. Rc1 Rb7 29. Qc3 Ra7 30. Kf1 1/2-1/2

[Event "Steinfurt Bezirksliga 1617"]
[Site "Germany"]
[Date "2016.12.10"]
[Round "4.3"]
[White "Bauer, Alfred"]
[Black "Galluschke, Thorsten"]
[Result "1-0"]
[WhiteElo "1406"]
[BlackElo "1655"]
[PlyCount "71"]
[EventDate "2016.09.24"]
[EventType "team"]
[EventRounds "9"]
[EventCountry "GER"]
[SourceTitle "EXT 2018"]
[Source "ChessBase"]
[SourceDate "2017.10.13"]
[SourceVersion "1"]
[SourceVersionDate "2017.10.13"]
[SourceQuality "1"]
[WhiteTeam "Steinfurt III"]
[BlackTeam "Westerkappeln"]
[WhiteTeamCountry "GER"]
[BlackTeamCountry "GER"]

1. e4 c5 2. Nf3 e6 3. Nc3 d6 4. d4 cxd4 5. Nxd4 Nf6 6. Bg5 a6 7. Bd3 Be7 8. h3 Nbd7 9. 0-0 Qc7 10. Be3 0-0 11. f4 b5 12. f5 e5 13. Nf3 Bb7 14. a3 Nb6 15. Qe1 Nc4 16. Bc1 Rfe8 17. Kh1 Bf8 18. b3 Nb6 19. Be3 Rac8 20. Bd2 d5 21. Qh4 dxe4 22. Nxe4 Nxe4 23. Bxe4 Bxe4 24. Qxe4 Qxc2 25. Qg4 f6 26. Ba5 Nd5 27. Rfc1 Qxb3 28. Rxc8 Rxc8 29. Nxe5 Qb2 30. Re1 Rc1 31. Nd3 Rxe1+ 32. Nxe1 Qxa3 33. Qe4 Qd6 34. Qe8 b4 35. Qa8 Nc3 36. Bxb4 1-0

[Event "Steinfurt Bezirksliga 1516"]
[Site "Germany"]
[Date "2016.04.30"]
[Round "8.3"]
[White "Peters, Tobias"]
[Black "Galluschke, Thorsten"]
[Result "1-0"]
[WhiteElo "1613"]
[BlackElo "1671"]
[PlyCount "51"]
[EventDate "2015.09.19"]
[EventType "team-tourn"]
[EventRounds "9"]
[EventCountry "GER"]
[SourceTitle "EXT 2017"]
[Source "ChessBase"]
[SourceDate "2016.10.25"]
[SourceVersion "1"]
[SourceVersionDate "2016.10.25"]
[SourceQuality "1"]
[WhiteTeam "Emsdetten Rochade IV"]
[BlackTeam "Westerkappeln"]
[WhiteTeamCountry "GER"]
[BlackTeamCountry "GER"]

1. e4 c5 2. Nf3 e6 3. d4 cxd4 4. Nxd4 Nf6 5. Nc3 d6 6. g4 Be7 7. g5 Nfd7 8. h4 Nc6 9. Be3 Nb6 10. f4 d5 11. e5 a6 12. Qf3 Qc7 13. h5 Bd7 14. g6 hxg6 15. hxg6 Rxh1 16. gxf7+ Kxf7 17. Qxh1 Nxd4 18. Qh5+ Kg8 19. Bxd4 Be8 20. Qg5 Bf7 21. Bd3 Bc5 22. Bxc5 Qxc5 23. 0-0-0 Nc4 24. Rg1 Qf8 25. Qh4 g6 26. Bxg6 1-0

[Event "Steinfurt Bezirksliga 1516"]
[Site "Germany"]
[Date "2016.03.12"]
[Round "7.4"]
[White "Carstensen, Jens"]
[Black "Galluschke, Thorsten"]
[Result "1-0"]
[WhiteElo "1716"]
[BlackElo "1671"]
[PlyCount "79"]
[EventDate "2015.09.19"]
[EventType "team-tourn"]
[EventRounds "9"]
[EventCountry "GER"]
[SourceTitle "EXT 2017"]
[Source "ChessBase"]
[SourceDate "2016.10.25"]
[SourceVersion "1"]
[SourceVersionDate "2016.10.25"]
[SourceQuality "1"]
[WhiteTeam "Neuenkirchen II"]
[BlackTeam "Westerkappeln"]
[WhiteTeamCountry "GER"]
[BlackTeamCountry "GER"]

1. d4 Nf6 2. Nd2 g6 3. e4 d6 4. c4 Bg7 5. Ngf3 0-0 6. Be2 e5 7. d5 Na6 8. 0-0 Nc5 9. Qc2 a5 10. Ne1 Ng4 11. Bxg4 Bxg4 12. f3 Bd7 13. Nb3 Ba4 14. Be3 Nxb3 15. axb3 Bd7 16. Qd2 b6 17. Bh6 f5 18. Bxg7 Kxg7 19. Nd3 f4 20. Ra3 Rb8 21. b4 axb4 22. Qxb4 Ra8 23. Rfa1 Rxa3 24. Rxa3 g5 25. Nf2 h5 26. h3 Kf6 27. Qc3 Rg8 28. b4 Qb8 29. Rb3 g4 30. hxg4 hxg4 31. fxg4 Bxg4 32. Nxg4+ Rxg4 33. Qh3 Qg8 34. Ra3 Ke7 35. Kf2 Qg5 36. Ra7 Kd7 37. Qh7+ Qg7 38. Qf5+ Ke8 39. Ra8+ Ke7 40. Qe6# 1-0

[Event "Steinfurt Bezirksliga 1516"]
[Site "Germany"]
[Date "2015.11.28"]
[Round "3.4"]
[White "Willermann, Norbert"]
[Black "Galluschke, Thorsten"]
[Result "0-1"]
[WhiteElo "1646"]
[BlackElo "1671"]
[PlyCount "89"]
[EventDate "2015.09.19"]
[EventType "team-tourn"]
[EventRounds "9"]
[EventCountry "GER"]
[SourceTitle "EXT 2017"]
[Source "ChessBase"]
[SourceDate "2016.10.25"]
[SourceVersion "1"]
[SourceVersionDate "2016.10.25"]
[SourceQuality "1"]
[WhiteTeam "Emsdetten Rochade III"]
[BlackTeam "Westerkappeln"]
[WhiteTeamCountry "GER"]
[BlackTeamCountry "GER"]

1. e4 c5 2. Nf3 e6 3. d4 cxd4 4. Nxd4 Nf6 5. Nc3 d6 6. Be3 a6 7. Be2 Be7 8. Qd2 Qc7 9. 0-0 Nbd7 10. f4 b5 11. Bf3 Bb7 12. a3 Nc5 13. e5 Nfe4 14. Nxe4 Nxe4 15. Bxe4 Bxe4 16. exd6 Bxd6 17. Rad1 Bc5 18. c3 Rd8 19. Qf2 Rd5 20. Nf3 Qa7 21. Bxc5 Rxc5 22. Rd4 Bd5 23. Ne5 Rc7 24. Rfd1 0-0 25. Nd3 g6 26. Nb4 Bb3 27. R1d2 a5 28. Nd3 Bd5 29. Ne5 Kg7 30. Ng4 f6 31. Ne3 Bb3 32. Ng4 h5 33. Ne3 e5 34. Rd6 e4 35. Qe2 Bc4 36. Qf2 Ba2 37. Nd5 Qxf2+ 38. Kxf2 Rc5 39. Ke3 f5 40. Kf2 Rf7 41. Ne3 Rb7 42. R6d4 Kf7 43. Rd6 b4 44. cxb4 axb4 45. Ra6 0-1

[Event "Steinfurt Bezirksliga 1516"]
[Site "Germany"]
[Date "2015.11.07"]
[Round "2.3"]
[White "Freitag, Michael"]
[Black "Galluschke, Thorsten"]
[Result "1/2-1/2"]
[WhiteElo "1716"]
[BlackElo "1671"]
[PlyCount "43"]
[EventDate "2015.09.19"]
[EventType "team-tourn"]
[EventRounds "9"]
[EventCountry "GER"]
[SourceTitle "EXT 2017"]
[Source "ChessBase"]
[SourceDate "2016.10.25"]
[SourceVersion "1"]
[SourceVersionDate "2016.10.25"]
[SourceQuality "1"]
[WhiteTeam "Steinfurt II"]
[BlackTeam "Westerkappeln"]
[WhiteTeamCountry "GER"]
[BlackTeamCountry "GER"]

1. d4 Nf6 2. c3 g6 3. Bf4 Bg7 4. Nf3 d6 5. h3 0-0 6. e3 Nbd7 7. Bc4 c6 8. 0-0 b5 9. Bb3 Bb7 10. Nbd2 c5 11. Ng5 c4 12. Bc2 Re8 13. Ndf3 e5 14. dxe5 dxe5 15. Bh2 Qb6 16. Qe2 Rad8 17. Rfd1 a6 18. e4 Nh5 19. g3 Nc5 20. Qe3 Qc7 21. Ne1 Bc8 22. Kg2 1/2-1/2

[Event "Steinfurt Bezirksliga 1213"]
[Site "Germany"]
[Date "2013.04.13"]
[Round "8.3"]
[White "Weiermann, Ewald"]
[Black "Galluschke, Thorsten"]
[Result "1/2-1/2"]
[WhiteElo "1636"]
[BlackElo "1693"]
[PlyCount "96"]
[EventDate "2012.09.22"]
[EventType "team-tourn"]
[EventRounds "9"]
[EventCountry "GER"]
[SourceTitle "EXT 2015"]
[Source "ChessBase"]
[SourceDate "2014.11.20"]
[SourceVersion "1"]
[SourceVersionDate "2014.11.20"]
[SourceQuality "1"]
[WhiteTeam "Steinfurt II"]
[BlackTeam "Westerkappeln"]
[WhiteTeamCountry "GER"]
[BlackTeamCountry "GER"]

1. d4 Nf6 2. c4 g6 3. Nc3 Bg7 4. Nf3 d6 5. e3 0-0 6. Be2 Nbd7 7. 0-0 e5 8. dxe5 dxe5 9. Qc2 c6 10. Rd1 Qc7 11. e4 a5 12. b3 Nc5 13. Ba3 Nfd7 14. Na4 b6 15. Nxc5 Nxc5 16. Bxc5 bxc5 17. a4 Rb8 18. Rab1 h6 19. Qd2 Be6 20. Qd6 Qxd6 21. Rxd6 Rb6 22. Nd2 Rfb8 23. Kf1 Bf8 24. Rd3 Rb4 25. Rc1 Be7 26. Rcc3 Bg5 27. Ke1 Kf8 28. Nf3 Bf6 29. Kd2 Ke7 30. Kc2 Bg7 31. Ne1 f5 32. f3 R4b7 33. Rd1 Bf8 34. Nd3 Kf6 35. Nf2 h5 36. Bd3 f4 37. Be2 Be7 38. Nd3 Rd7 39. Nf2 Rbd8 40. Rxd7 Rxd7 41. Rd3 Rd4 42. Kd2 Kg5 43. Ke1 Kh4 44. Kf1 g5 45. h3 Kg3 46. Nh1+ Kh2 47. Nf2 Bc8 48. Rd1 Kg3 1/2-1/2

[Event "Steinfurt Bezirksliga 1112"]
[Site "Germany"]
[Date "2012.06.02"]
[Round "9.5"]
[White "Peters, Tobias1"]
[Black "Galluschke, Thorsten"]
[Result "0-1"]
[WhiteElo "1444"]
[BlackElo "1708"]
[PlyCount "48"]
[EventDate "2011.10.01"]
[EventType "team-tourn"]
[EventRounds "9"]
[EventCountry "GER"]
[SourceTitle "EXT 2013"]
[Source "ChessBase"]
[SourceDate "2012.11.22"]
[SourceVersion "1"]
[SourceVersionDate "2012.11.22"]
[SourceQuality "1"]
[WhiteTeam "Rheine SG"]
[BlackTeam "Westerkappeln"]
[WhiteTeamCountry "GER"]
[BlackTeamCountry "GER"]

1. e4 c5 2. Nf3 e6 3. d4 cxd4 4. Nxd4 Nf6 5. Nc3 d6 6. f3 a6 7. Bg5 Be7 8. Qd2 0-0 9. 0-0-0 b5 10. h4 Qc7 11. h5 Bb7 12. Kb1 Re8 13. Bd3 Nbd7 14. Qf2 b4 15. Nce2 d5 16. Qh4 h6 17. Bxf6 Bxf6 18. Qg4 Ne5 19. Qg3 Qb6 20. Qf2 Nxd3 21. Rxd3 e5 22. g4 dxe4 23. Rb3 exf3 24. Rxf3 Bxf3 0-1

[Event "Steinfurt Bezirksliga 0910"]
[Site "Germany"]
[Date "2010.01.23"]
[Round "5.8"]
[White "Galluschke, Thorsten"]
[Black "Gildehaus, Simon"]
[Result "1-0"]
[WhiteElo "1642"]
[BlackElo "1602"]
[PlyCount "43"]
[EventDate "2009.09.12"]
[EventType "team-tourn"]
[EventRounds "9"]
[EventCountry "GER"]
[SourceTitle "EXT 2011"]
[Source "ChessBase"]
[SourceDate "2010.11.26"]
[SourceVersion "1"]
[SourceVersionDate "2010.11.26"]
[SourceQuality "1"]
[WhiteTeam "Westerkappeln"]
[BlackTeam "Saerbeck II"]
[WhiteTeamCountry "GER"]
[BlackTeamCountry "GER"]

1. d4 d5 2. Nf3 Bg4 3. e3 Nf6 4. c4 e6 5. Qa4+ c6 6. cxd5 Nxd5 7. Ne5 Bh5 8. a3 f6 9. Nd3 Nd7 10. Nc3 N7b6 11. Qb3 Nxc3 12. Qxe6+ Be7 13. bxc3 Bf7 14. Qg4 0-0 15. Nb2 c5 16. Bd3 cxd4 17. cxd4 Rc8 18. Bd2 Nc4 19. Nxc4 Bxc4 20. Bxc4+ Rxc4 21. Qe6+ Kh8 22. Qxc4 1-0

[Event "Muensterland Verbandsklasse-B 0809"]
[Site "Germany"]
[Date "2008.10.25"]
[Round "3.6"]
[White "Rothkegel, Juergen"]
[Black "Galluschke, Thorsten"]
[Result "1-0"]
[WhiteElo "1886"]
[BlackElo "1633"]
[PlyCount "53"]
[EventDate "2008.09.13"]
[EventType "tourn"]
[EventRounds "9"]
[EventCountry "GER"]
[SourceTitle "EXT 2010"]
[Source "ChessBase"]
[SourceDate "2010.11.25"]
[SourceVersion "1"]
[SourceVersionDate "2010.11.25"]
[SourceQuality "1"]
[WhiteTeam "Gronau"]
[BlackTeam "Westerkappeln"]
[WhiteTeamCountry "GER"]
[BlackTeamCountry "GER"]

1. e4 c5 2. Nf3 e6 3. d4 cxd4 4. Nxd4 Nf6 5. Nc3 d6 6. g4 Nc6 7. g5 Nd7 8. Be3 Be7 9. Rg1 a6 10. h4 Qc7 11. f4 Nxd4 12. Bxd4 e5 13. Be3 exf4 14. Nd5 Qa5+ 15. b4 Qd8 16. Bxf4 Ne5 17. Be2 Be6 18. Qd4 Bxd5 19. exd5 Qc7 20. c4 0-0 21. Rc1 Qd7 22. c5 Qh3 23. Bxe5 dxe5 24. Qe4 Rac8 25. Kd2 f6 26. Bg4 Qxh4 27. Be6+ 1-0

[Event "Muensterland Verbandsklasse-B 0708"]
[Site "Germany"]
[Date "2008.03.08"]
[Round "7.6"]
[White "Kelecic, Dominik"]
[Black "Galluschke, Thorsten"]
[Result "1-0"]
[WhiteElo "1747"]
[BlackElo "1673"]
[PlyCount "99"]
[EventDate "2007.09.15"]
[EventType "team-tourn"]
[EventRounds "9"]
[EventCountry "GER"]
[SourceTitle "EXT 2009"]
[Source "ChessBase"]
[SourceDate "2008.11.26"]
[SourceVersion "1"]
[SourceVersionDate "2008.11.26"]
[SourceQuality "1"]
[WhiteTeam "Suedlohn II"]
[BlackTeam "Westerkappeln"]
[WhiteTeamCountry "GER"]
[BlackTeamCountry "GER"]

1. e4 c5 2. Nf3 e6 3. d4 cxd4 4. Nxd4 Nf6 5. Nc3 d6 6. Be3 a6 7. Be2 Be7 8. Qd2 Qc7 9. 0-0-0 b5 10. f3 b4 11. Nb1 d5 12. exd5 Nxd5 13. g4 0-0 14. h4 Rd8 15. f4 Nxe3 16. Qxe3 Bc5 17. Bf3 Bb7 18. Bxb7 Qxb7 19. Rh2 Nc6 20. c3 Qb6 21. Rhd2 Rab8 22. Qe4 Na5 23. Nc2 Rxd2 24. Kxd2 b3 25. axb3 Nxb3+ 26. Ke2 Bg1 27. Qg2 Bc5 28. Qe4 Bg1 29. Qg2 Qb5+ 30. Ke1 Ba7 31. Nba3 Qa4 32. Nb4 Bc5 33. Nac2 g6 34. h5 Na5 35. h6 Nc4 36. Nc6 Re8 37. b4 Bf8 38. g5 e5 39. fxe5 Nxe5 40. Nxe5 Rxe5+ 41. Kd2 Qb3 42. Nd4 Qb2+ 43. Nc2 f6 44. gxf6 Bxh6+ 45. Kd3 Qb3 46. Qa8+ Bf8 47. Rf1 Rd5+ 48. Nd4 Rxd4+ 49. Kxd4 Qe6 50. Qd5 1-0

[Event "Muensterland Verbandsklasse-B 0506"]
[Site "Germany"]
[Date "2006.03.25"]
[Round "3.6"]
[White "Galluschke, Thorsten"]
[Black "Schoebel, Elmar"]
[Result "0-1"]
[WhiteElo "1666"]
[BlackElo "1703"]
[PlyCount "60"]
[EventDate "2005.09.03"]
[EventType "team-tourn"]
[EventRounds "9"]
[EventCountry "GER"]
[SourceTitle "EXT 2006"]
[Source "ChessBase"]
[SourceDate "2005.11.24"]
[SourceVersion "1"]
[SourceVersionDate "2005.11.24"]
[SourceQuality "1"]
[WhiteTeam "Westerkappeln"]
[BlackTeam "Metelen"]
[WhiteTeamCountry "GER"]
[BlackTeamCountry "GER"]

1. d4 Nf6 2. Nf3 d5 3. c4 c6 4. Nc3 dxc4 5. a4 Bf5 6. e3 e6 7. Bxc4 Bb4 8. Bd2 0-0 9. 0-0 Nbd7 10. Qb3 Qa5 11. Rfd1 Bg4 12. Ne4 Bxd2 13. Nexd2 Rab8 14. h3 Bh5 15. Rdc1 e5 16. dxe5 Nxe5 17. Be2 Rfd8 18. Rd1 Rxd2 19. Rxd2 Nxf3+ 20. Bxf3 Qxd2 21. Bxc6 Rd8 22. Qxb7 Bd1 23. Qc7 Qd6 24. Qa5 Rc8 25. Bb7 Rc2 26. Qxa7 h6 27. a5 Re2 28. Kf1 Qd2 29. Qb8+ Kh7 30. Qf4 Qe1# 0-1

[Event "Muensterland Verbandsklasse-B 0506"]
[Site "Germany"]
[Date "2006.01.21"]
[Round "5.7"]
[White "Teriete, Joachim"]
[Black "Galluschke, Thorsten"]
[Result "1/2-1/2"]
[WhiteElo "1567"]
[BlackElo "1666"]
[PlyCount "81"]
[EventDate "2005.09.03"]
[EventType "team-tourn"]
[EventRounds "9"]
[EventCountry "GER"]
[SourceTitle "EXT 2006"]
[Source "ChessBase"]
[SourceDate "2005.11.24"]
[SourceVersion "1"]
[SourceVersionDate "2005.11.24"]
[SourceQuality "1"]
[WhiteTeam "Westbevern II"]
[BlackTeam "Westerkappeln"]
[WhiteTeamCountry "GER"]
[BlackTeamCountry "GER"]

1. d4 Nf6 2. c4 g6 3. Nc3 Bg7 4. Nf3 d6 5. e3 0-0 6. b3 Nbd7 7. Bb2 c6 8. Be2 Re8 9. 0-0 e5 10. dxe5 dxe5 11. Qc2 Qa5 12. a3 Qc7 13. e4 Nc5 14. b4 Ne6 15. Rfe1 Nd4 16. Nxd4 exd4 17. Na4 Rxe4 18. Bf3 Re7 19. Rxe7 Qxe7 20. Bxd4 Bg4 21. Bxg4 Nxg4 22. Bxg7 Kxg7 23. h3 Qe5 24. Qb2 Qxb2 25. Nxb2 Nf6 26. Rd1 a5 27. b5 cxb5 28. cxb5 Rc8 29. Rd4 Rc1+ 30. Kh2 Rb1 31. Rd2 a4 32. b6 Ne4 33. Rc2 Nc3 34. Nc4 Nd5 35. Na5 Rxb6 36. Rc5 Nf6 37. Rc7 Rb5 38. Nxb7 Nd5 39. Rd7 Nb6 40. Rd3 Nc4 41. Rc3 1/2-1/2

[Event "Bad Zwesten op 9th"]
[Site "Bad Zwesten"]
[Date "2005.01.08"]
[Round "9"]
[White "Galluschke, Thorsten"]
[Black "Ringoir, Guy"]
[Result "1/2-1/2"]
[WhiteElo "1521"]
[BlackElo "2003"]
[PlyCount "121"]
[EventDate "2005.01.02"]
[EventType "swiss"]
[EventRounds "9"]
[EventCountry "GER"]
[SourceTitle "CBM 104 Extra"]
[Source "ChessBase"]
[SourceDate "2005.03.01"]
[SourceVersion "1"]
[SourceVersionDate "2005.03.01"]
[SourceQuality "1"]

1. d4 Nf6 2. Nf3 c5 3. c3 g6 4. Nbd2 cxd4 5. cxd4 Bg7 6. Nb3 0-0 7. Bf4 d6 8. e3 Nh5 9. Bg3 Nxg3 10. hxg3 Nc6 11. Bc4 Bg4 12. Rh4 Qd7 13. a3 Rac8 14. Qd3 d5 15. Bb5 Bf5 16. Qf1 h5 17. Qh1 a6 18. Nc5 Qc7 19. Bxc6 Qxc6 20. g4 b6 21. gxf5 bxc5 22. Ne5 Qb6 23. Rb1 Qa5+ 24. Ke2 cxd4 25. exd4 Rc2+ 26. Kf3 Rb8 27. g3 Qd2 28. Qe1 Rb3+ 29. Kg2 Qxe1 30. Rxe1 Rbxb2 31. Rf1 Ra2 32. fxg6 Bxe5 33. gxf7+ Kxf7 34. dxe5 Kg6 35. Ra4 Rc6 36. Rd1 e6 37. Rdd4 Kg5 38. Rf4 Re2 39. Ra5 Rxe5 40. Rfa4 Re2 41. Rxa6 Rcc2 42. Rf4 e5 43. Rf8 d4 44. Rd6 Ra2 45. Kf1 Reb2 46. Rd5 Re2 47. a4 Kg4 48. Kg2 Rxa4 49. Rd7 Kg5 50. Rdf7 Ra6 51. Kf1 d3 52. Rg8+ Kh6 53. Rgg7 e4 54. Rh7+ Kg5 55. Rhg7+ Rg6 56. f4+ exf3 57. Rxg6+ Kxg6 58. Rxf3 Rd2 59. Ke1 Re2+ 60. Kf1 Rd2 61. Ke1 1/2-1/2

[Event "Steinfurt Bezirksliga 0405"]
[Site "Germany"]
[Date "2004.12.11"]
[Round "4.8"]
[White "Sablin, Juriy"]
[Black "Galluschke, Thorsten"]
[Result "0-1"]
[WhiteElo "1781"]
[BlackElo "1545"]
[PlyCount "87"]
[EventDate "2004.09.25"]
[EventType "team-tourn"]
[EventRounds "11"]
[EventCountry "GER"]
[SourceTitle "EXT 2006"]
[Source "ChessBase"]
[SourceDate "2005.11.24"]
[SourceVersion "1"]
[SourceVersionDate "2005.11.24"]
[SourceQuality "1"]
[WhiteTeam "Ibbenbueren II"]
[BlackTeam "Westerkappeln"]
[WhiteTeamCountry "GER"]
[BlackTeamCountry "GER"]

1. d4 Nf6 2. c4 g6 3. Nc3 Bg7 4. e4 d6 5. Nf3 0-0 6. Be2 e5 7. d5 a5 8. 0-0 Na6 9. Bg5 h6 10. Be3 Ng4 11. Qd2 Nxe3 12. Qxe3 Nc5 13. h3 f5 14. Bd3 f4 15. Qe2 Bd7 16. Bc2 g5 17. Nh2 Qc8 18. a3 a4 19. Rad1 Kh7 20. f3 h5 21. Kh1 Bf6 22. Rg1 Rg8 23. Rde1 Kh6 24. Bd1 Rg7 25. Qf1 Qe8 26. Nb5 Qd8 27. g4 h4 28. Bc2 Be8 29. Qe2 Ra6 30. Nf1 Bxb5 31. cxb5 Ra5 32. Qc4 Qe8 33. Bd3 Nxd3 34. Qxd3 Qxb5 35. Qxb5 Rxb5 36. Rb1 c6 37. dxc6 bxc6 38. Nd2 d5 39. b4 axb3 40. Nxb3 dxe4 41. fxe4 Ra7 42. Nd2 Rxa3 43. Kh2 Rd3 44. Rg2 0-1